[Event "Grand Swiss "]
[Date "2025.09.08"]
[White "Martirosyan, Haik M."]
[Black "Wagner, Dennis"]
[WhiteElo "2628"]
[BlackElo "2608"]
[Round "5.5.55"]
[Result "1-0"]

1. e4 {[%clk 01:40:49] [%emt 00:00:10]} c5 {[%clk 01:40:48] [%emt 00:00:13]} 2.
Nf3 {[%clk 01:41:11] [%emt 00:00:08]} d6 {[%clk 01:41:08] [%emt 00:00:10]} 3.
Nc3 {[%clk 01:41:05] [%emt 00:00:36]} Nf6 {[%clk 01:41:23] [%emt 00:00:14]} 4.
Be2 {[%clk 01:41:01] [%emt 00:00:35]} e5 {[%clk 01:38:55] [%emt 00:02:58]} 5.
Bc4 {[%clk 01:41:07] [%emt 00:00:24]} Be7 {[%clk 01:39:04] [%emt 00:00:21]} 6.
d3 {[%clk 01:41:26] [%emt 00:00:10]} O-O {[%clk 01:38:09] [%emt 00:01:25]} 7.
Bg5 {[%clk 01:37:59] [%emt 00:03:58]} Ne8 {[%clk 01:27:57] [%emt 00:10:42]} 8.
Bd2 {[%clk 01:30:11] [%emt 00:08:18]} Nc6 {[%clk 01:21:33] [%emt 00:06:55]} 9.
a3 {[%clk 01:29:08] [%emt 00:01:32]} Kh8 {[%clk 01:08:54] [%emt 00:13:08]} 10.
Nd5 {[%clk 01:24:23] [%emt 00:05:16]} f5 {[%clk 01:06:10] [%emt 00:03:14]} 11.
h4 {[%clk 01:23:07] [%emt 00:01:45]} f4 {[%clk 01:05:42] [%emt 00:00:59]} 12. h5
{[%clk 01:13:27] [%emt 00:10:11]} h6 {[%clk 00:52:30] [%emt 00:13:42]} 13. b4
{[%clk 01:09:17] [%emt 00:04:39]} Nd4 {[%clk 00:40:37] [%emt 00:12:23]} 14. bxc5
{[%clk 00:54:49] [%emt 00:14:58]} Nxf3+ {[%clk 00:38:59] [%emt 00:02:07]} 15.
Qxf3 {[%clk 00:52:41] [%emt 00:02:38]} dxc5 {[%clk 00:39:24] [%emt 00:00:06]}
16. g3 {[%clk 00:52:48] [%emt 00:00:22]} Bg5 {[%clk 00:34:04] [%emt 00:05:51]}
17. gxf4 {[%clk 00:49:36] [%emt 00:03:42]} exf4 {[%clk 00:34:27] [%emt
00:00:06]} 18. Rb1 {[%clk 00:42:13] [%emt 00:07:54]} Nd6 {[%clk 00:32:57] [%emt
00:01:59]} 19. Rg1 {[%clk 00:39:59] [%emt 00:02:44]} Be6 {[%clk 00:30:22] [%emt
00:03:05]} 20. a4 {[%clk 00:30:28] [%emt 00:10:02]} Qd7 {[%clk 00:27:04] [%emt
00:03:48]} 21. Bc3 {[%clk 00:29:20] [%emt 00:01:37]} Kh7 {[%clk 00:26:34] [%emt
00:01:01]} 22. a5 {[%clk 00:25:37] [%emt 00:04:14]} Rae8 {[%clk 00:26:34] [%emt
00:00:29]} 23. Kd1 {[%clk 00:24:44] [%emt 00:01:24]} Nxc4 {[%clk 00:17:22] [%emt
00:09:41]} 24. dxc4 {[%clk 00:24:52] [%emt 00:00:21]} Rf7 {[%clk 00:17:23] [%emt
00:00:29]} 25. Kc1 {[%clk 00:19:26] [%emt 00:05:56]} Qa4 {[%clk 00:14:24] [%emt
00:03:29]} 26. Qd3 {[%clk 00:18:59] [%emt 00:00:57]} f3+ {[%clk 00:13:23] [%emt
00:01:31]} 27. Kb2 {[%clk 00:18:56] [%emt 00:00:33]} b5 {[%clk 00:10:14] [%emt
00:03:39]} 28. axb6 {[%clk 00:17:57] [%emt 00:01:29]} Rb8 {[%clk 00:08:40] [%emt
00:02:03]} 29. Ra1 {[%clk 00:16:23] [%emt 00:02:05]} Qc6 {[%clk 00:08:53] [%emt
00:00:16]} 30. Ra5 {[%clk 00:14:10] [%emt 00:02:43]} axb6 {[%clk 00:06:05] [%emt
00:03:18]} 31. Rb5 {[%clk 00:14:39]} Bd7 {[%clk 00:05:27] [%emt 00:01:09]} 32.
Ra1 {[%clk 00:13:02] [%emt 00:02:06]} Qe6 {[%clk 00:05:01] [%emt 00:00:56]} 33.
Rb3 {[%clk 00:13:11] [%emt 00:00:22]} Qg4 {[%clk 00:03:05] [%emt 00:02:25]} 34.
Nxb6 {[%clk 00:08:23] [%emt 00:05:19]} Be6 {[%clk 00:02:18] [%emt 00:01:17]} 35.
Qd6 {[%clk 00:08:51] [%emt 00:00:02]} Rd8 {[%clk 00:01:46] [%emt 00:01:01]} 36.
Qxc5 {[%clk 00:09:14] [%emt 00:00:08]} Qxe4 {[%clk 00:01:50] [%emt 00:00:26]}
37. Re1 {[%clk 00:08:22] [%emt 00:01:22]} Qg4 {[%clk 00:02:19] [%emt 00:00:01]}
38. Nd5 {[%clk 00:06:59] [%emt 00:01:53]} Rc8 {[%clk 00:02:01] [%emt 00:00:48]}
39. Qd6 {[%clk 00:07:24] [%emt 00:00:05]} Bf5 {[%clk 00:02:15] [%emt 00:00:16]}
40. c5 {[%clk 00:01:34] [%emt 00:06:20]} Qc4 {[%clk 00:01:46] [%emt 00:00:58]}
41. Nb6 {[%clk 00:43:06] [%emt 00:09:00]} Qxc5 {[%clk 00:51:37] [%emt 00:00:38]}
42. Nxc8 {[%clk 00:43:14] [%emt 00:00:22]} Qxf2 {[%emt 00:21:19]} 43. Qd1 {[%emt
00:01:56]} Bxc8 {[%emt 00:11:26]} 44. Qd5 {[%emt 00:09:42]} Qa7 {[%emt
00:00:46]} 45. Re5 {[%emt 00:14:14]} Rf8 {[%emt 00:06:39]} 46. Qe4+ {[%clk
00:07:55] [%emt 00:00:18]} Kg8 {[%emt 00:00:30]} 47. Re8 {[%emt 00:00:44]} Qf7
{[%emt 00:00:16]} 48. Rxf8+ {[%clk 00:08:15] [%emt 00:00:03]} Qxf8 {[%emt
00:02:13]} 49. Qc4+ {[%emt 00:01:31]} Kh7 {[%clk 00:24:17]} 50. Qe4+ {[%emt
00:00:54]} Kg8 {[%emt 00:03:05]} 51. Be1 {[%emt 00:06:06]} f2 {[%emt 00:00:03]}
52. Bxf2 {[%clk 00:04:59] [%emt 00:00:02]} Qxf2 {[%emt 00:01:00]} 53. Qe8+
{[%emt 00:00:05]} Kh7 {[%clk 00:18:59]} 54. Qg6+ {[%emt 00:00:35]} Kh8 {[%emt
00:00:18]} 55. Qe8+ {[%clk 00:05:08] [%emt 00:00:09]} Kh7 {[%clk 00:19:19] [%emt
00:00:01]} 56. Qxc8 {[%emt 00:00:30]} Bf6+ {[%emt 00:01:20]} 57. Ka3 {[%emt
00:13:36]} Be7+ {[%emt 00:00:39]} 58. Ka4 {[%emt 00:00:12]} Qh4+ {[%emt
00:00:24]} 59. c4 {[%clk 00:04:33] [%emt 00:00:03]} Qxh5 {[%emt 00:03:37]} 60.
Qd7 {[%emt 00:05:34]} Qc5 {[%emt 00:00:14]} 61. Qd3+ {[%emt 00:01:13]} g6 {[%emt
00:02:24]} 62. Rb5 {[%emt 00:01:54]} Qa7+ {[%emt 00:02:59]} 63. Kb3 {[%emt
00:00:04]} Kg7 {[%emt 00:01:15]} 64. Qc3+ {[%emt 00:01:41]} Bf6 {[%emt
00:00:28]} 65. Qf3 {[%emt 00:06:42]} Be7 {[%emt 00:00:14]} 66. c5 {[%emt
00:01:15]} Qa6 {[%emt 00:03:36]} 67. Rb6 {[%emt 00:00:44]} Qa1 {[%emt 00:01:03]}
68. Qd3 {[%emt 00:04:02]} Qg1 {[%emt 00:01:43]} 69. Rc6 {[%emt 00:01:32]} h5
{[%emt 00:00:10]} 70. Rc7 {[%emt 00:01:24]} Qe1 {[%emt 00:03:10]} 71. Ka4 {[%emt
00:00:25]} Kh6 {[%emt 00:03:21]} 72. Rc6 {[%emt 00:00:34]} Bf6 {[%emt 00:00:27]}
73. Kb5 {[%emt 00:00:28]} Qe5 {[%emt 00:00:50]} 74. Qd6 {[%emt 00:00:28]} Qb2+
{[%emt 00:00:12]} 75. Ka6 {[%emt 00:01:00]} Qa1+ {[%clk 00:01:05] [%emt
00:00:13]} 76. Kb7 Qb1+ {[%emt 00:01:54]} 77. Rb6 {[%clk 00:01:12] [%emt
00:00:03]} Qe4+ {[%emt 00:00:16]} 78. c6 {[%emt 00:00:32]} Be5 {[%clk 00:00:41]
[%emt 00:00:40]} 79. Qe6 Qf4 {[%emt 00:01:48]} 80. c7 {[%emt 00:00:21]} Qe4+
{[%emt 00:00:16]} 81. Rc6 {[%emt 00:00:23]} Qb4+ {[%emt 00:00:22]} 82. Ka8
{[%emt 00:00:38]} Qa4+ {[%emt 00:00:29]} 83. Kb8 {[%emt 00:00:23]} Qb4+ {[%emt
00:00:30]} 84. Rb6 {[%emt 00:00:15]} Qe4 {[%emt 00:01:07]} 85. Ka7 {[%emt
00:00:25]} Qa4+ {[%emt 00:00:26]} 86. Kb7 {[%emt 00:00:11]} Qe4+ {[%clk
00:01:32] [%emt 00:00:03]} 87. Rc6 {[%emt 00:00:46]} Qb4+ {[%emt 00:00:12]} 88.
Kc8 {[%emt 00:00:53]} Qg4 {[%emt 00:00:06]} 89. Kd7 {[%emt 00:00:47]} Bxc7
{[%emt 00:00:06]} 90. Rxc7 {[%emt 00:00:33]} Qxe6+ {[%clk 00:00:38] [%emt
00:00:02]} 91. Kxe6 {[%clk 00:03:09]} Kg5 {[%clk 00:01:01] [%emt 00:00:06]} 92.
Ke5 {[%emt 00:00:24]} Kg4 {[%emt 00:00:10]} 93. Ke4 {[%emt 00:00:21]} h4 {[%emt
00:00:09]} 94. Ke3 {[%emt 00:00:07]} Kg3 {[%emt 00:00:10]} 95. Rg7 {[%emt
00:00:07]} h3 {[%emt 00:00:06]} 96. Rxg6 {[%clk 00:05:00] [%emt 00:00:02]} Kh2
{[%emt 00:00:11]} 97. Kf2 {[%emt 00:00:04]} Kh1 {[%emt 00:00:05]} 98. Rg1+
{[%clk 00:05:47]} Kh2 {[%emt 00:00:07]} 99. Rg3 {[%clk 00:06:14]} 1-0

[Site "Europe Echecs"]

[Event "Grand Swiss "]
[Date "2025.09.08"]
[White "Xu, Xiangyu"]
[Black "Olisa, Tennyson Ewomazino"]
[WhiteElo "2615"]
[BlackElo "2287"]
[Round "5.5.56"]
[Result "1-0"]

1. d4 {[%clk 01:40:57] [%emt 00:00:03]} Nf6 {[%clk 01:40:33] [%emt 00:00:28]} 2.
c4 {[%clk 01:41:20] [%emt 00:00:07]} e6 {[%clk 01:40:29] [%emt 00:00:34]} 3. Bf4
{[%clk 01:41:41] [%emt 00:00:08]} c5 {[%clk 01:40:19] [%emt 00:00:41]} 4. d5
{[%clk 01:42:02] [%emt 00:00:09]} b5 {[%clk 01:39:22] [%emt 00:01:27]} 5. Nf3
{[%clk 01:42:22] [%emt 00:00:09]} d6 {[%clk 01:39:04] [%emt 00:00:48]} 6. dxe6
{[%clk 01:41:48] [%emt 00:01:04]} Bxe6 {[%clk 01:39:27] [%emt 00:00:08]} 7. cxb5
{[%clk 01:42:06] [%emt 00:00:12]} Be7 {[%clk 01:36:06] [%emt 00:03:51]} 8. Nc3
{[%clk 01:40:50] [%emt 00:01:45]} d5 {[%clk 01:35:49] [%emt 00:00:48]} 9. e3
{[%clk 01:41:09] [%emt 00:00:11]} O-O {[%clk 01:35:55] [%emt 00:00:23]} 10. Be2
{[%clk 01:40:14] [%emt 00:01:26]} h6 {[%clk 01:36:23] [%emt 00:00:02]} 11. O-O
{[%clk 01:40:20] [%emt 00:00:23]} a6 {[%clk 01:36:27] [%emt 00:00:27]} 12. a4
{[%clk 01:38:32] [%emt 00:02:18]} axb5 {[%clk 01:36:23] [%emt 00:00:35]} 13.
axb5 {[%clk 01:37:20] [%emt 00:01:41]} Nbd7 {[%clk 01:32:31] [%emt 00:04:22]}
14. Rxa8 {[%clk 01:36:41] [%emt 00:01:09]} Qxa8 {[%clk 01:32:59] [%emt
00:00:02]} 15. Qa1 {[%clk 01:37:02] [%emt 00:00:08]} g5 {[%clk 01:30:11] [%emt
00:03:18]} 16. Bg3 {[%clk 01:36:40] [%emt 00:00:52]} Nb6 {[%clk 01:18:58] [%emt
00:11:44]} 17. Ne5 {[%clk 01:36:03] [%emt 00:01:07]} c4 {[%clk 01:12:48] [%emt
00:06:40]} 18. Qd1 {[%clk 01:26:55] [%emt 00:09:38]} Bc5 {[%clk 01:12:30] [%emt
00:00:49]} 19. h4 {[%clk 01:26:53] [%emt 00:00:31]} Ne4 {[%clk 01:11:01] [%emt
00:01:59]} 20. Nxe4 {[%clk 01:26:45] [%emt 00:00:38]} dxe4 {[%clk 01:11:29]
[%emt 00:00:02]} 21. hxg5 {[%clk 01:26:53] [%emt 00:00:23]} hxg5 {[%clk
01:11:57] [%emt 00:00:02]} 22. Qc2 {[%clk 01:27:01] [%emt 00:00:21]} Rc8 {[%clk
01:10:06] [%emt 00:02:21]} 23. Rd1 {[%clk 01:25:15] [%emt 00:02:16]} Bf8 {[%clk
01:02:09] [%emt 00:08:27]} 24. Nc6 {[%clk 01:22:08] [%emt 00:03:36]} Bd7 {[%clk
00:53:12] [%emt 00:09:28]} 25. Qxe4 {[%clk 01:18:20] [%emt 00:04:19]} Bxc6
{[%clk 00:53:36] [%emt 00:00:06]} 26. bxc6 {[%clk 01:17:17] [%emt 00:01:32]}
Qxc6 {[%clk 00:54:04] [%emt 00:00:02]} 27. Qf5 {[%clk 01:16:56] [%emt 00:00:50]}
Qc5 {[%clk 00:53:57] [%emt 00:00:38]} 28. Be5 {[%clk 01:16:56] [%emt 00:00:29]}
Be7 {[%clk 00:53:58] [%emt 00:00:30]} 29. Bh5 {[%clk 01:15:41] [%emt 00:01:45]}
1-0

[Site "Europe Echecs"]

[Event "Grand Swiss "]
[Date "2025.09.08"]
[White "Divya Deshmukh"]
[Black "Vokhidov, Shamsiddin"]
[WhiteElo "2478"]
[BlackElo "2645"]
[Round "5.5.57"]
[Result "0-1"]

1. d4 {[%clk 01:40:56] [%emt 00:00:03]} Nf6 {[%clk 01:40:53] [%emt 00:00:07]} 2.
c4 {[%clk 01:41:23] [%emt 00:00:03]} e6 {[%clk 01:41:17] [%emt 00:00:06]} 3. Nc3
{[%clk 01:41:49] [%emt 00:00:04]} Bb4 {[%clk 01:41:36] [%emt 00:00:11]} 4. Qc2
{[%clk 01:42:13] [%emt 00:00:06]} d6 {[%clk 01:41:18] [%emt 00:00:48]} 5. e3
{[%clk 01:42:27] [%emt 00:00:15]} O-O {[%clk 01:37:49] [%emt 00:04:00]} 6. Bd3
{[%clk 01:42:46] [%emt 00:00:12]} c5 {[%clk 01:38:01] [%emt 00:00:17]} 7. dxc5
{[%clk 01:43:08] [%emt 00:00:08]} Bxc5 {[%clk 01:27:13] [%emt 00:11:18]} 8. Nf3
{[%clk 01:42:57] [%emt 00:00:41]} d5 {[%clk 01:22:10] [%emt 00:05:33]} 9. a3
{[%clk 01:37:34] [%emt 00:05:54]} a6 {[%clk 01:06:24] [%emt 00:16:17]} 10. b4
{[%clk 01:30:37] [%emt 00:07:27]} dxc4 {[%clk 01:06:11] [%emt 00:00:42]} 11.
Bxc4 {[%clk 01:29:19] [%emt 00:01:48]} Ba7 {[%clk 01:00:52] [%emt 00:05:49]} 12.
Bd3 {[%clk 01:21:49] [%emt 00:07:59]} Nbd7 {[%clk 00:57:55] [%emt 00:03:27]} 13.
Bb2 {[%clk 01:11:24] [%emt 00:10:55]} b5 {[%clk 00:54:30] [%emt 00:03:55]} 14.
Ng5 {[%clk 00:48:27] [%emt 00:23:27]} h6 {[%clk 00:50:14] [%emt 00:04:47]} 15.
Nh7 {[%clk 00:42:03] [%emt 00:06:54]} Nxh7 {[%clk 00:43:03] [%emt 00:07:41]} 16.
Bxh7+ {[%clk 00:42:28] [%emt 00:00:04]} Kh8 {[%emt 00:02:43]} 17. Be4 {[%clk
00:40:15] [%emt 00:00:02]} Rb8 {[%clk 00:43:42] [%emt 00:00:20]} 18. Rd1 {[%clk
00:40:06] [%emt 00:00:38]} Qe7 {[%clk 00:41:25] [%emt 00:02:48]} 19. Ne2 {[%clk
00:37:06] [%emt 00:03:30]} e5 {[%clk 00:29:26] [%emt 00:12:29]} 20. Qc7 {[%clk
00:25:42] [%emt 00:11:54]} Bb6 {[%clk 00:29:43] [%emt 00:00:13]} 21. Qc3 {[%clk
00:24:31] [%emt 00:01:40]} Bb7 {[%clk 00:24:55] [%emt 00:05:18]} 22. Bf5 {[%clk
00:22:45] [%emt 00:02:17]} Rbd8 {[%clk 00:25:21] [%emt 00:00:04]} 23. O-O {[%clk
00:19:09] [%emt 00:04:06]} Rfe8 {[%clk 00:25:12] [%emt 00:00:38]} 24. Qc2 {[%clk
00:08:49] [%emt 00:10:47]} Nf6 {[%clk 00:24:45] [%emt 00:01:00]} 25. Ng3 {[%clk
00:06:42] [%emt 00:02:38]} g6 {[%clk 00:17:19] [%emt 00:07:56]} 26. Be4 {[%emt
00:02:44]} Nxe4 {[%clk 00:16:01] [%emt 00:00:52]} 27. Nxe4 {[%clk 00:05:53]
[%emt 00:00:02]} Bd5 {[%clk 00:15:20] [%emt 00:01:11]} 28. f4 {[%clk 00:04:13]
[%emt 00:02:10]} Bxe3+ {[%clk 00:14:40] [%emt 00:01:10]} 29. Kh1 {[%clk
00:04:21] [%emt 00:00:22]} Bxe4 {[%clk 00:14:09] [%emt 00:01:01]} 30. Qxe4
{[%clk 00:04:33] [%emt 00:00:19]} Bd4 {[%clk 00:14:34] [%emt 00:00:06]} 31. Rxd4
{[%clk 00:03:39] [%emt 00:01:24]} exd4 {[%clk 00:14:21] [%emt 00:00:43]} 32.
Bxd4+ {[%clk 00:04:07] [%emt 00:00:02]} Kg8 {[%clk 00:14:42] [%emt 00:00:08]}
33. Qxe7 {[%clk 00:04:28] [%emt 00:00:10]} Rxe7 {[%clk 00:15:10] [%emt
00:00:02]} 34. Bf6 {[%clk 00:04:57]} Red7 {[%clk 00:15:30] [%emt 00:00:11]} 35.
Bxd8 {[%clk 00:05:18] [%emt 00:00:09]} Rxd8 {[%clk 00:15:58] [%emt 00:00:02]}
36. Kg1 {[%emt 00:04:00]} Rd3 37. f5 {[%clk 00:01:02] [%emt 00:01:17]} g5 {[%clk
00:16:17] [%emt 00:00:40]} 38. Rc1 {[%clk 00:00:53] [%emt 00:00:38]} Rxa3 {[%clk
00:16:42] [%emt 00:00:05]} 39. Rc6 {[%clk 00:01:20] [%emt 00:00:04]} Kg7 {[%clk
00:17:06] [%emt 00:00:06]} 40. Kf2 {[%clk 00:01:41] [%emt 00:00:08]} Ra4 {[%clk
00:16:56] [%emt 00:00:41]} 41. h4 {[%clk 00:26:43] [%emt 00:25:28]} gxh4 {[%clk
01:05:07] [%emt 00:02:18]} 42. Kf3 {[%clk 00:25:05] [%emt 00:02:08]} h5 {[%clk
01:02:59] [%emt 00:02:38]} 43. Kf4 {[%emt 00:05:01]} f6 {[%clk 01:02:32] [%emt
00:00:10]} 44. Kf3 {[%emt 00:01:02]} Rxb4 {[%clk 01:01:31] [%emt 00:01:17]} 45.
Rxa6 {[%emt 00:04:00]} Rb2 {[%emt 00:00:31]} 46. Rd6 {[%clk 00:09:19] [%emt
00:12:15]} b4 {[%clk 00:58:02] [%emt 00:00:29]} 47. Rd4 {[%clk 00:09:44] [%emt
00:00:04]} Kh6 {[%clk 00:58:10] [%emt 00:00:22]} 48. Rxh4 {[%emt 00:00:10]} Kg5
{[%clk 00:58:36]} 49. g3 {[%clk 00:06:58]} Rb1 {[%clk 00:58:36]} 50. Kg2 {[%clk
00:06:58]} b3 {[%clk 00:58:36]} 51. Rf4 {[%clk 00:06:58]} b2 {[%clk 00:58:36]}
52. Rb4 {[%clk 00:06:58]} Kxf5 {[%emt 00:08:25]} 53. Kh2 {[%clk 00:05:37] [%emt
00:00:28]} Ke6 {[%emt 00:01:08]} 54. Kg2 {[%emt 00:00:39]} f5 {[%emt 00:00:56]}
55. Rb6+ {[%clk 00:04:03] [%emt 00:00:02]} Kd5 {[%emt 00:00:55]} 56. Rb5+ {[%emt
00:00:44]} Kc6 {[%emt 00:00:47]} 57. Rb3 {[%emt 00:01:01]} h4 {[%emt 00:00:33]}
58. gxh4 {[%clk 00:01:59] [%emt 00:00:41]} f4 59. h5 {[%emt 00:01:10]} f3+
{[%emt 00:01:32]} 60. Kxf3 {[%clk 00:00:40] [%emt 00:00:21]} Rf1+ {[%emt
00:01:56]} 61. Kg4 {[%clk 00:10:35] [%emt 00:03:42]} b1=Q {[%clk 01:15:51] [%emt
00:00:15]} 62. Rxb1 {[%clk 00:11:03] [%emt 00:00:02]} Rxb1 {[%emt 00:01:38]} 63.
h6 {[%clk 00:09:29] [%emt 00:00:31]} Kd7 {[%clk 01:16:36] [%emt 00:00:10]} 0-1

[Site "Europe Echecs"]

[Event "Grand Swiss "]
[Date "2025.09.08"]
[White "Abdisalimov, Abdimalik"]
[Black "Muradli, Mahammad"]
[WhiteElo "2488"]
[BlackElo "2590"]
[Round "5.5.58"]
[Result "1-0"]

1. e4 {[%clk 01:40:58] [%emt 00:00:01]} c5 {[%clk 01:40:53] [%emt 00:00:07]} 2.
Nf3 {[%clk 01:41:25] [%emt 00:00:04]} d6 {[%clk 01:41:14] [%emt 00:00:08]} 3.
Bb5+ {[%clk 01:41:52] [%emt 00:00:03]} Bd7 {[%clk 01:41:30] [%emt 00:00:14]} 4.
Bxd7+ {[%clk 01:42:16] [%emt 00:00:06]} Nxd7 {[%clk 01:41:52] [%emt 00:00:08]}
5. O-O {[%clk 01:42:41] [%emt 00:00:05]} e6 {[%clk 01:42:05] [%emt 00:00:18]} 6.
c3 {[%clk 01:42:59] [%emt 00:00:11]} Ngf6 {[%clk 01:41:15] [%emt 00:01:19]} 7.
Qe2 {[%clk 01:43:22] [%emt 00:00:07]} Be7 {[%clk 01:41:33] [%emt 00:00:12]} 8.
d4 {[%clk 01:43:47] [%emt 00:00:05]} O-O {[%clk 01:41:48] [%emt 00:00:15]} 9.
Rd1 {[%clk 01:44:13] [%emt 00:00:04]} cxd4 {[%clk 01:41:23] [%emt 00:00:55]} 10.
cxd4 {[%clk 01:44:37] [%emt 00:00:05]} b5 {[%clk 01:41:49] [%emt 00:00:05]} 11.
e5 {[%clk 01:44:34] [%emt 00:00:33]} dxe5 {[%clk 01:39:40] [%emt 00:02:39]} 12.
dxe5 {[%clk 01:45:00] [%emt 00:00:04]} Nd5 {[%clk 01:40:01] [%emt 00:00:08]} 13.
Qxb5 {[%clk 01:45:24] [%emt 00:00:07]} Qc7 {[%clk 01:34:48] [%emt 00:05:42]} 14.
Qe2 {[%clk 01:45:49] [%emt 00:00:05]} Rab8 {[%clk 01:30:39] [%emt 00:04:39]} 15.
b3 {[%clk 01:40:24] [%emt 00:05:56]} Rfc8 {[%clk 01:23:11] [%emt 00:07:58]} 16.
Bb2 {[%clk 01:40:25] [%emt 00:00:29]} a5 {[%clk 01:11:29] [%emt 00:12:12]} 17.
Nbd2 {[%clk 01:39:12] [%emt 00:01:43]} a4 {[%clk 01:01:00] [%emt 00:11:00]} 18.
Rac1 {[%clk 01:37:24] [%emt 00:02:18]} Qb7 {[%clk 01:01:21] [%emt 00:00:09]} 19.
Bd4 {[%clk 01:28:21] [%emt 00:09:33]} axb3 {[%clk 00:58:36] [%emt 00:03:15]} 20.
axb3 {[%clk 01:22:12] [%emt 00:06:39]} Nc5 {[%clk 00:57:28] [%emt 00:01:38]} 21.
Bxc5 {[%clk 01:18:38] [%emt 00:04:05]} Rxc5 {[%clk 00:54:23] [%emt 00:03:34]}
22. Rxc5 {[%clk 01:17:42] [%emt 00:01:26]} Bxc5 {[%clk 00:54:51] [%emt
00:00:01]} 23. Rc1 {[%clk 01:16:28] [%emt 00:01:44]} Bb4 {[%clk 00:49:41] [%emt
00:05:40]} 24. Ne4 {[%clk 01:09:22] [%emt 00:07:36]} Ba3 {[%clk 00:48:17] [%emt
00:01:54]} 25. Rb1 {[%clk 01:09:39] [%emt 00:00:13]} h6 {[%clk 00:47:37] [%emt
00:01:10]} 26. Nfd2 {[%clk 01:07:09] [%emt 00:03:01]} Bf8 {[%clk 00:39:22] [%emt
00:08:45]} 27. g3 {[%clk 01:05:49] [%emt 00:01:49]} Ra8 {[%clk 00:26:13] [%emt
00:13:39]} 28. Nc4 {[%clk 01:03:48] [%emt 00:02:31]} Ra7 {[%clk 00:26:16] [%emt
00:00:28]} 29. Qf3 {[%clk 01:02:33] [%emt 00:01:44]} Qb4 {[%clk 00:15:10] [%emt
00:11:36]} 30. Kg2 {[%clk 00:59:15] [%emt 00:03:48]} Nb6 {[%clk 00:09:03] [%emt
00:06:38]} 31. Ned6 {[%clk 00:31:31] [%emt 00:28:13]} Nxc4 {[%clk 00:05:09]
[%emt 00:04:25]} 32. Nxc4 {[%clk 00:31:43] [%emt 00:00:18]} Rb7 {[%clk
00:05:38]} 33. h4 {[%clk 00:27:05] [%emt 00:05:07]} Rb8 {[%clk 00:04:41] [%emt
00:01:26]} 34. h5 {[%clk 00:26:27] [%emt 00:01:08]} Rb5 {[%clk 00:04:01] [%emt
00:01:10]} 35. Rb2 {[%clk 00:19:17] [%emt 00:07:40]} Rb8 {[%clk 00:03:42] [%emt
00:00:49]} 36. Qe4 {[%clk 00:14:30] [%emt 00:05:16]} Rb5 {[%clk 00:03:22] [%emt
00:00:50]} 37. Qe2 {[%clk 00:11:45] [%emt 00:03:16]} Rb8 {[%clk 00:02:14] [%emt
00:01:38]} 38. Qf3 {[%clk 00:09:26] [%emt 00:02:49]} Be7 {[%clk 00:01:19] [%emt
00:01:25]} 39. Ra2 {[%clk 00:07:36] [%emt 00:02:20]} Qxb3 {[%emt 00:00:44]} 40.
Qxb3 {[%clk 00:08:03] [%emt 00:00:03]} Rxb3 {[%clk 00:01:30] [%emt 00:00:05]}
41. Ra8+ {[%clk 00:08:29] [%emt 00:00:03]} Bf8 {[%clk 00:01:09] [%emt 00:00:51]}
42. f4 {[%clk 00:06:55] [%emt 00:02:04]} Rb4 {[%clk 00:26:17] [%emt 00:25:22]}
43. Nd6 {[%clk 00:50:13] [%emt 00:07:12]} Rb2+ {[%clk 00:25:24] [%emt 00:01:23]}
44. Kh3 {[%clk 00:48:48] [%emt 00:01:55]} f6 {[%clk 00:09:53] [%emt 00:16:02]}
45. f5 {[%clk 00:34:32] [%emt 00:14:46]} Re2 {[%clk 00:10:02] [%emt 00:00:21]}
46. fxe6 {[%clk 00:34:51] [%emt 00:00:11]} Rxe5 {[%clk 00:10:24] [%emt
00:00:08]} 47. Re8 {[%clk 00:35:19] [%emt 00:00:02]} Rxh5+ {[%clk 00:05:42]
[%emt 00:05:12]} 48. Kg2 {[%clk 00:35:45] [%emt 00:00:03]} Re5 {[%clk 00:06:04]
[%emt 00:00:08]} 49. Nc4 {[%clk 00:35:58] [%emt 00:00:18]} Re4 {[%clk 00:05:26]
[%emt 00:01:05]} 50. Kf3 {[%clk 00:36:14] [%emt 00:00:16]} f5 {[%clk 00:05:51]
[%emt 00:00:05]} 51. Nd6 {[%clk 00:36:39] [%emt 00:00:06]} Re1 {[%clk 00:05:55]
[%emt 00:00:24]} 52. Nxf5 {[%clk 00:37:01] [%emt 00:00:10]} g6 {[%clk 00:03:27]
[%emt 00:02:58]} 53. e7 {[%clk 00:34:46] [%emt 00:02:45]} 1-0

[Site "Europe Echecs"]